| 000 | 01126cam a22003374a 4500 | ||
|---|---|---|---|
| 999 |
_c27983 _d27983 |
||
| 001 | 16420725 | ||
| 005 | 20170213103223.0 | ||
| 008 | 100817s2010 enka b 000 0 eng d | ||
| 010 | _a 2010285970 | ||
| 015 |
_aGBA9B6683 _2bnb |
||
| 016 | 7 |
_a015433915 _2Uk |
|
| 020 | _a9781854186850 (pbk.) | ||
| 020 | _a185418685X (pbk.) | ||
| 035 | _a(OCoLC)ocn473475263 | ||
| 040 |
_aUKM _cUKM _dCDX _dYDXCP _dDLC |
||
| 042 |
_aukblcatcopy _alccopycat |
||
| 050 | 0 | 0 |
_aHD2755.5 _b.T66 2010 |
| 100 | 1 | _aTomalin, Barry. | |
| 245 | 1 | 4 |
_aThe world's business cultures and how to unlock them / _cBarry Tomalin and Mike Nicks. |
| 250 | _a2nd ed. | ||
| 260 |
_aLondon : _bThorogood, _cc2010. |
||
| 300 |
_ax, 340 p. : _bill. ; _c24 cm. |
||
| 504 | _aIncludes bibliographical references. | ||
| 650 | 0 | _aInternational business enterprises. | |
| 650 | 0 | _aIntercultural communication. | |
| 650 | 0 | _aCorporate culture. | |
| 700 | 1 | _aNicks, Mike. | |
| 942 |
_2lcc _cBOOKS _hHD2755.5 .T66 2010 |
||